| 000 -LEADER |
| fixed length control field |
00964nam a2200217Ia 4500 |
| 001 - CONTROL NUMBER |
| control field |
15829 |
| 003 - CONTROL NUMBER IDENTIFIER |
| control field |
GE_BSU |
| 008 - FIXED-LENGTH DATA ELEMENTS--GENERAL INFORMATION |
| fixed length control field |
181216s||||||||xx |||||||||||||| ||und|| |
| 040 ## - CATALOGING SOURCE |
| Transcribing agency |
GE_BSU |
| 080 ## - UNIVERSAL DECIMAL CLASSIFICATION NUMBER |
| Universal Decimal Classification number |
821.353.1-11 |
| 100 ## - MAIN ENTRY--PERSONAL NAME |
| Personal name |
ციციშვილი, ნოდარ |
| 245 ## - TITLE STATEMENT |
| Title |
შვიდი მთიები. ბარამ-გური |
| 245 ## - TITLE STATEMENT |
| Statement of responsibility, etc. |
კ. კეკელიძის რედ., გამოკვლევით და ლექსიკონით |
| 260 ## - PUBLICATION, DISTRIBUTION, ETC. |
| Place of publication, distribution, etc. |
ტფილისი |
| 260 ## - PUBLICATION, DISTRIBUTION, ETC. |
| Name of publisher, distributor, etc. |
ქართული წიგნი |
| 260 ## - PUBLICATION, DISTRIBUTION, ETC. |
| Date of publication, distribution, etc. |
1930 |
| 300 ## - PHYSICAL DESCRIPTION |
| Extent |
275გვ.26სმ |
| 300 ## - PHYSICAL DESCRIPTION |
| Accompanying material |
დანართი: ლექსიკონი (227-246 გვ.); ვარიანტები (246-273 გვ.); პოემის საკუთარ სახელთა საძიებელი (273-275გვ.) |
| 653 ## - INDEX TERM--UNCONTROLLED |
| Uncontrolled term |
შვიდი მთიები. ბარამ-გური |
| 942 ## - ADDED ENTRY ELEMENTS (KOHA) |
| Koha item type |
წიგნი |